00614nam a2200193Ia 4500008004100000020001500041082000800056100001800064245004600082250000600128260002700134300001700161500002400178650001400202942000700216952009000223952009000313999001700403230524s9999 xx 000 0 und d a8131800660 bRAJ a"Rajput, R.K" 2aA Text Book of Internal Combustion Engine a2 aNew DelhibLaxmic2012 axviii;904 p. aQuantity Number: 2 aMechanics cBK 00104070aTATCLbTATCLcGENd2023-05-24l0o RAJp48431r2023-05-24w2023-05-24yBK 00104070aTATCLbTATCLcGENd2023-05-24l0o RAJp48432r2023-05-24w2023-05-24yBK c52722d52722